000 00725cab a2200241 4500
001 WB3416-29
008 090401t1998 xxu||||| |||| 00| 0 eng d
035 _a(Sirsi) u85840
041 _aeng
245 _aVolumetric housing
260 _c1998
350 _a0
490 _aHousing Today
_v(80) 23 April 1998, 8(1)
520 _aThe Peabody Trust is to use `volumetric construction` to create the UK`s first permanent prefab multi-storey housing development in Hackney, East London.
650 _aHACKNEY
650 _aHOUSE BUILDING
650 _aPEABODY TRUST
650 _aPREFABRICATED HOUSING
650 _aVOLUMETRIC CONSTRUCTION
690 _aHOUSING-DEVELOPMENT
942 _n0
948 _c28/04/1998
999 _c53993
_d53993